|
|
|
|
| LEADER |
00000nab a2200000 a 4500 |
| 001 |
vtls000465490 |
| 003 |
SK-MaSNL |
| 005 |
20260304222720.0 |
| 008 |
230207c1992 xo 0 slo |
| 015 |
|
|
|a SNBRB19rr/mm-uuuuu
|
| 035 |
|
|
|a CL0465623
|
| 035 |
|
|
|a urn:nbn:sk:snk-abb3o
|
| 035 |
|
|
|a (urnnbn)urn:nbn:sk:snk:ar-a059a0
|
| 035 |
|
|
|a (uuid)a1e65849-8e5f-4482-985c-bf9c63509a14
|
| 040 |
|
|
|a SNKBUCL
|b slo
|c SNKBUCL
|e AACR2
|
| 041 |
0 |
|
|a slo
|
| 044 |
|
|
|a xo
|c SK
|
| 080 |
|
|
|a 616.22-089.85
|2 1981
|
| 080 |
|
|
|a 616.321-089
|2 1981
|
| 100 |
1 |
|
|a Profant, Milan,
|d 1952-
|4 aut
|9 135154
|
| 245 |
1 |
0 |
|a Rekonštrukcia defektov hlavy a krku muskulokutánnym lalokom z m. pectoralis major
|c Milan Profant, Stanislav Korman
|
| 300 |
|
|
|b Obr. 3. Res. angl., lit. 12 zázn. v slov., angl.
|
| 650 |
0 |
7 |
|a hypofaryng
|2 snkbucl
|9 1556003
|
| 650 |
0 |
7 |
|a laryngektómia
|2 snkbucl
|9 92512
|
| 650 |
0 |
7 |
|a muskulokutánny lalok
|2 snkbucl
|9 1556004
|
| 650 |
0 |
7 |
|a musculus pectoralis major
|2 snkbucl
|9 1556005
|
| 655 |
|
7 |
|a články z novín a časopisov
|2 snkbucl
|9 267496
|
| 700 |
1 |
|
|a Korman, Stanislav
|4 aut
|9 1299903
|
| 773 |
0 |
|
|t Choroby hlavy a krku
|g Roč. 1, č. 2 (1992), s. 44-46
|
| 850 |
|
|
|a Slovenská národná knižnica v Martine
|a MTA001
|
| 852 |
|
|
|a SNK
|b KIS3GCP
|
| 954 |
|
|
|a odborná, vedecká literatúra pôvodná (slovenská)
|2 lita
|
| 958 |
|
|
|a NB
|
| 958 |
|
|
|a RK
|
| 958 |
|
|
|a MI
|
| 958 |
|
|
|a OND
|
| 958 |
|
|
|a EUIPO
|
| 958 |
|
|
|a article27
|
| 992 |
|
|
|a RBX
|
| 999 |
|
|
|c 3164591
|d 3166521
|